Gestión docente universitaria. Modelos comparados

Gespeichert in:
Bibliographische Detailangaben
Körperschaft: Centro Interuniversitario de Desarrollo (VerfasserIn)
Format: Buch
Sprache:Spanisch
Veröffentlicht: Santiago CINDA 1998
Schlagworte:
Tags: Tag hinzufügen
Keine Tags, Fügen Sie den ersten Tag hinzu!

MARC

LEADER 00000nam a2200000 a 4500
001 UCK9918
003 CL-VaPUC
008 060609e19980000CL |||||||||||||||||spa|d
020 |a 9567106363 
082 0 4 |a 378.006  |b CEN  |2 21 
110 2 |a Centro Interuniversitario de Desarrollo  |e author  |9 499819 
245 1 0 |a Gestión docente universitaria. Modelos comparados 
300 |a 34 p 
942 |c BK 
945 |d 20060609 00:00:00  |a jtorresc 
260 |a Santiago  |b CINDA  |c 1998 
500 |a Guía de lectura 
650 0 |a Gestión universitaria   |9 384681 
650 7 |a DOCENCIA  |2 CL-VaPUC  |9 499820 
650 0 |a Docencia universitaria   |9 332645 
650 0 |a Educación superior   |9 223851 
583 |a last modification  |c 20060609 00:00:00  |k Rodrigo Vera 
999 |c 316918  |d 316916 
952 |0 0  |1 0  |2 ddc  |4 0  |6 378_006000000000000_CEN_1998  |7 0  |8 A  |9 392503  |a BIBALI  |b BIBALI  |c GEN  |d 2019-11-22  |i 4240316  |o 378.006 CEN 1998  |p 4240316  |r 2025-01-20  |w 2019-11-22  |y BK  |k ALI 
952 |0 0  |1 0  |4 0  |6 378_006000000000000_CEN_1998  |7 0  |8 A  |9 392504  |a BIBING  |b BIBING  |d 2019-11-22  |i 4240413  |o 378.006 CEN 1998  |p 4240413  |r 2025-01-20  |w 2019-11-22  |y BK  |k ING 
952 |0 0  |1 0  |4 0  |6 378_006000000000000_CEN_1998  |7 0  |8 A  |9 392505  |a BIBGIM  |b BIBGIM  |d 2019-11-22  |i 4240510  |o 378.006 CEN 1998  |p 4240510  |r 2025-01-15  |w 2019-11-22  |y BK  |k GIM 
952 |0 0  |1 0  |4 0  |6 378_006000000000000_CEN_1998  |7 0  |8 P  |9 392507  |a BIBEDU  |b BIBEDU  |c BIBEDU_PB  |d 2019-11-22  |i 4240707  |o 378.006 CEN 1998  |p 4240707  |r 2024-01-25  |w 2019-11-22  |y BK  |k EDU